Vince Vaughn Movies Quiz Stats

 Plays Quiz Updated Jan 1, 2021

Support Sporcle.
Go Orange.
Score 0/46 Timer 08:00
1 Play Today
Year Movie % Correct
2005Wedding Crashers
87.2%
2004Dodgeball: A True Underdog Story
77.6%
2006The Break-Up
70.4%
2003Old School
63.6%
2004Anchorman: The Legend of Ron Burgundy
63.1%
1996Swingers
51.1%
1998Psycho
46.7%
2008Four Christmases
44.2%
2007Fred Claus
42.8%
2013The Internship
35.8%
2013Delivery Man
33.8%
2004Starsky & Hutch
31.3%
2016Hacksaw Ridge
30.8%
1993Rudy
28.2%
2009Couples Retreat
27.4%
2020Freaky
26.2%
2012The Watch
24.3%
2005Mr. & Mrs. Smith
20.3%
2017Brawl in Cell Block 99
20%
1997The Lost World: Jurassic Park
18.7%
2018Dragged Across Concrete
16.9%
2015Unfinished Business
16.7%
2001Made
16.7%
Year Movie % Correct
2019Fighting with My Family
16.5%
2005Be Cool
14.9%
2013A Case of You
12.6%
2016Term Life
12.3%
2020Arkansas
11.7%
2020The Binge
10.9%
2007Into the Wild
10.8%
2001Domestic Disturbance
10.6%
1998Clay Pigeons
9.5%
2019Seberg
9.4%
2011The Dilemma
9.2%
2000The Cell
8.5%
2012Lay the Favorite
8.3%
2020North Hollywood
7.1%
1998Return to Paradise
5.3%
2005Thumbsucker
4.8%
1998A Cool, Dry Place
4.5%
2003Blackball
4.2%
1997The Locusts
2.9%
2000The Prime Gig
2.9%
2003I Love Your Work
2.9%
1994At Risk
2.7%
2000South of Heaven, West of Hell
2.5%

From the Vault

More Than 4 Big 4 Teams

by teedslaststand

Sports 2m
These states just don't know how to share. They must not have had siblings growing up.
Remove Ads.
Support Sporcle.
Get the best of Sporcle when you Go Orange. This ad-free experience offers more features, more stats, and more fun while also helping to support Sporcle. Thank you for becoming a member.

Show Comments

Extras

Top Quizzes Today


Score Distribution

Your Account Isn't Verified!

In order to create a playlist on Sporcle, you need to verify the email address you used during registration. Go to your Sporcle Settings to finish the process.

Report this User

Report this user for behavior that violates our Community Guidelines.

Details: